الكرة الأرضية / (رقم التسجيلة. 32248)
[ عرض عادي ]
| 000 -LEADER | |
|---|---|
| fixed length control field | 00562nam a22001697a 4500 |
| 005 - DATE AND TIME OF LATEST TRANSACTION | |
| control field | 20251108165826.0 |
| 008 - FIXED-LENGTH DATA ELEMENTS--GENERAL INFORMATION | |
| fixed length control field | 250721s1991 xx 000 0 ara d |
| 082 14 - DEWEY DECIMAL CLASSIFICATION NUMBER | |
| Classification number | ط/551.4/كرة |
| 245 10 - TITLE STATEMENT | |
| Title | الكرة الأرضية / |
| 264 1# - PRODUCTION, PUBLICATION, DISTRIBUTION, MANUFACTURE, AND COPYRIGHT NOTICE | |
| Place of production, publication, distribution, manufacture | القاهرة : |
| Name of producer, publisher, distributor, manufacturer | الدار الدولية للنشر و التوزيع، |
| Date of production, publication, distribution, manufacture, or copyright notice | 1991. |
| 300 ## - PHYSICAL DESCRIPTION | |
| Extent | 32ص |
| 490 0# - SERIES STATEMENT | |
| Series statement | سلسلة العالم الصغير |
| 650 17 - SUBJECT ADDED ENTRY--TOPICAL TERM | |
| Topical term or geographic name as entry element | الأرض |
| 710 2# - ADDED ENTRY--CORPORATE NAME | |
| Corporate name or jurisdiction name as entry element | قسم الترجمة و النشر بالدار الدولية للنشر |
| Relator term | إعداد |
| 942 ## - ADDED ENTRY ELEMENTS (KOHA) | |
| Source of classification or shelving scheme | Dewey Decimal Classification |
| Koha item type | كتب |
| حالة السحب | حالة الفقدان | مصدر التصنيف | حالة التلف | غير قابل للإعارة | المكتبة الرئيسية | المكتبة الحالية | موقع الرف | تاريخ التزويد | الرقم المتسلسل | Total Checkouts | رقم الإستدعاء | تاريخ آخر ظهور | تاريخ الفاتورة | نوع المادة (كوها) | الباركود |
|---|---|---|---|---|---|---|---|---|---|---|---|---|---|---|---|
| Dewey Decimal Classification | Unchecked | مكتبة النصر العامة | مكتبة النصر العامة | الأطفال | 06/07/2004 | 4470 | ط/551.4/كرة | 28/07/2025 | 06/07/2004 | كتب | |||||
| Dewey Decimal Classification | مكتبة صويلح العامة | مكتبة صويلح العامة | الأطفال | 15/07/2019 | 05152 | ط/551.4/كرة | 28/07/2025 | 15/07/2019 | كتب | PLD00457638 |